000 00322nam a22001457a 4500
008 210531b ||||| |||| 00| 0 eng d
020 _a9780130882639
041 _aeng
080 _24th
_a33
082 _a33
100 _a55
101 _aBIZ
245 _aBusiness Data Communcations
_cStallings,W
942 _2udc
_cBK
999 _c57824
_d57824